[Event "GER-chT U10"]
[Site "Magdeburg"]
[Date "2014.12.28"]
[Round "4.1"]
[White "Kazuch, Vincent"]
[Black "Hiller, Klemens"]
[Result "1-0"]
[WhiteElo "1310"]
[BlackElo "1165"]
[PlyCount "39"]
[EventDate "2014.12.27"]
[EventType "team-swiss"]
[EventRounds "7"]
[EventCountry "GER"]
[SourceTitle "EXT 2016"]
[Source "ChessBase"]
[SourceDate "2015.10.08"]
[SourceVersion "1"]
[SourceVersionDate "2015.10.08"]
[SourceQuality "1"]
[WhiteTeam "Erfurt Empor"]
[BlackTeam "Dresden Leuben"]
[WhiteTeamCountry "GER"]
[BlackTeamCountry "GER"]

1. e4 e5 2. Nf3 Nf6 3. Nc3 d6 4. d4 exd4 5. Nxd4 Be7 6. Be3 0-0 7. Qd2 Bd7 8. f3 Nc6 9. 0-0-0 Nxd4 10. Bxd4 a5 11. g4 h6 12. h4 Bc6 13. Kb1 Nh7 14. Qh2 a4 15. f4 f6 16. g5 fxg5 17. hxg5 Nxg5 18. fxg5 Bxg5 19. Bc4+ Kh8 20. Qxh6+ 1-0

[Event "GER-chT U10"]
[Site "Magdeburg"]
[Date "2014.12.27"]
[Round "2.1"]
[White "Kazuch, Vincent"]
[Black "Ter Stal, Lars"]
[Result "0-1"]
[WhiteElo "1310"]
[BlackElo "1186"]
[PlyCount "52"]
[EventDate "2014.12.27"]
[EventType "team-swiss"]
[EventRounds "7"]
[EventCountry "GER"]
[SourceTitle "EXT 2016"]
[Source "ChessBase"]
[SourceDate "2015.10.08"]
[SourceVersion "1"]
[SourceVersionDate "2015.10.08"]
[SourceQuality "1"]
[WhiteTeam "Erfurt Empor"]
[BlackTeam "Nordhorn Blanke"]
[WhiteTeamCountry "GER"]
[BlackTeamCountry "GER"]

1. e4 e6 2. d4 d5 3. Nc3 Bb4 4. exd5 exd5 5. Bd3 c5 6. dxc5 Bxc5 7. Bb5+ Bd7 8. Bxd7+ Nxd7 9. Nxd5 Nb6 10. Nxb6 Qxd1+ 11. Kxd1 Bxb6 12. Ke1 Nf6 13. f3 0-0 14. Bd2 Rfe8+ 15. Kf1 Rad8 16. Bg5 Rd6 17. Re1 Red8 18. Ne2 Rd1 19. Bxf6 gxf6 20. g3 R8d2 21. Rxd1 Rxd1+ 22. Kg2 Rd2 23. Re1 Rxc2 24. Kh3 Bf2 25. Nd4 Bxd4 26. Kg4 Rxh2 0-1

[Event "GER-chT U10"]
[Site "Magdeburg"]
[Date "2012.12.28"]
[Round "3.1"]
[White "Jaeger, Gustav"]
[Black "Kazuch, Vincent"]
[Result "1-0"]
[WhiteElo "1065"]
[BlackElo "953"]
[PlyCount "45"]
[EventDate "2012.12.27"]
[EventType "team-swiss"]
[EventRounds "7"]
[EventCountry "GER"]
[SourceTitle "EXT 2014"]
[Source "ChessBase"]
[SourceDate "2013.11.20"]
[SourceVersion "1"]
[SourceVersionDate "2013.11.20"]
[SourceQuality "1"]
[WhiteTeam "Magdeburg USC"]
[BlackTeam "Erfurt Empor II"]
[WhiteTeamCountry "GER"]
[BlackTeamCountry "GER"]

1. e4 e5 2. Nf3 Nc6 3. Bc4 Bc5 4. d3 Nf6 5. Nc3 d6 6. h3 Be6 7. Bxe6 fxe6 8. Bg5 0-0 9. Qd2 Qd7 10. 0-0 Qf7 11. Ne2 d5 12. Ng3 Rad8 13. Qc3 b6 14. Nxe5 Nxe5 15. Qxe5 Rd7 16. Qf4 dxe4 17. dxe4 Bd6 18. e5 Nd5 19. Qxf7+ Rfxf7 20. exd6 Rxd6 21. Ne4 Rc6 22. Rac1 Nb4 23. Rfd1 1-0